00665 2200241 4500001002100000005001700021008004100038020001800079035002500097040001200122082001400134084001800148245005400166260004000220300003200260504003000292650002200322700001300344850001200357990001800369990001800387990001800405INLIS00000000000775820150909114534.0  a2-87868-004-9 a0010-071500000000441 aYOPDYOG 223a726.1 aYOG 726.1 Bor aBOROBUDURb: Prayer in stonec/ Soekmono [et.all] aSingaporebArchipelago Pressc[s.a] a176 hlm.b: ilus.c; 37 cm. aBibliografi: hlm. 173-176 aBorobudur (Candi) aSOEKMONO aYOPDYOG a19184-PD/B.15 a19185-PD/B.15 a19186-PD/B.15